01903nam a2200361   4500003000900000005001700009008004100026017001300067020001500080040004600095041000800141082002700149092000700176099004100183100005900224245016000283250003000443264007100473300002900544336002200573337002400595338003300619504006400652546009600716650007400812856005700886905000700943942001900950999001700969952018500986952018501171952018501356EG-GICUC20260121101156.0251108s1996    ua ||||fr|||| 00| 0 ara d  a19965106  a9770416991  a EG-GICUCbarac EG-GICUCd EG-GICUCerda0 aara04221a341.84bا ح . ع04221  aLaw1 12	341.84 ا ح . ع	1 ed- 19960 aأحمد عبد الكريم سلامةeمؤلف.10aعلم قاعدة التنازع والإختيار بين الشرائع :bأصولاً ومنهجاً/cأحمد عبد الكريم سلامة.  aالطبعة الاولى 1aالمنصورة:bمكتبة الجلاء الجديدة،c1996.  a1289 ؛صفحةc24 سم  2rda contentatext  2rda mediaaComputer  2rda carrieraOnline Resource  aيشتمل على إرجاعات ببليوجرافية.
  aالنص أغلبه باللغة العربية مع بعض النصوص الفرنسية1 aتنازع القوانين.xالقانون الدولي الخاص.40uhttps://fll.law.cu.edu.eg/fulltext/bks/B12-00473.pdf  a75  2ddcn0cBKe21  c41699d41699  00102ddc40718القانون الدولي الخاصaCUbLAW1d2025-11-08l0oLaw1 12	341.84 ا ح . ع	1 ed- 1996 1200473	C1pB12-00473r2025-11-08 08:49:13t1w2025-11-08yBK  00102ddc40708القانون الدولي الخاصaCUbLAW1d2025-11-16l0oLaw1 12	341.84 ا ح . ع	1 ed- 1996 1200902	C2pB12-00902r2025-11-16 14:38:28t2w2025-11-16yBK  00102ddc40718القانون الدولي الخاصaCUbLAW2d2025-11-16l0oLaw2 12	341.84 ا ح . ع	1 ed- 1996 1200925	C3pB12-00925r2025-11-16 15:21:49t3w2025-11-16yBK